[Event "FIDE World Uni Blitz-A 1st"]
[Site "Tornelo INT"]
[Date "2021.03.13"]
[Round "5.19"]
[White "Alberto, Pramana Martin Sila"]
[Black "Kiproski, Branislav"]
[Result "1-0"]
[WhiteElo "1922"]
[BlackElo "2300"]
[PlyCount "97"]
[EventDate "2021.03.13"]
[EventType "swiss (blitz)"]
[EventRounds "10"]
[EventCountry "NET"]
[SourceTitle "EXT 2022"]
[Source "ChessBase"]
[SourceDate "2021.10.06"]
[SourceVersion "1"]
[SourceVersionDate "2021.10.06"]
[SourceQuality "1"]

1. e4 e6 2. d4 d5 3. Nc3 Nf6 4. Bg5 Be7 5. e5 Nfd7 6. Bxe7 Qxe7 7. f4 a6 8. Nf3 c5 9. Bd3 Nc6 10. 0-0 cxd4 11. Ne2 Qb4 12. a3 Qxb2 13. Qe1 Qb6 14. g4 h5 15. h3 hxg4 16. hxg4 Nc5 17. Qf2 Ne4 18. Bxe4 dxe4 19. Nfxd4 Nxd4 20. Nxd4 Bd7 21. Rab1 Qc5 22. Rxb7 Rh3 23. Nb3 Qc3 24. Qd2 Qg3+ 25. Qg2 0-0-0 26. Rb4 Bc6 27. Rc4 Kb7 28. Na5+ Kb6 29. Rxc6+ Kxa5 30. Qxg3 Rxg3+ 31. Kf2 Rxg4 32. Ke3 Rg2 33. Rb1 f5 34. exf6 gxf6 35. Kxe4 Re2+ 36. Kf3 Rdd2 37. Rbb6 Rxc2 38. Rxa6+ Kb5 39. a4+ Kb4 40. Rxc2 Rxc2 41. Rxe6 f5 42. Rf6 Rc3+ 43. Kf2 Rc5 44. Kg3 Kxa4 45. Kh4 Rc1 46. Kg5 Rg1+ 47. Kxf5 Kb5 48. Rd6 Kc5 49. Rd2 1-0

[Event "FIDE World Uni Blitz-A 1st"]
[Site "Tornelo INT"]
[Date "2021.03.13"]
[Round "3.19"]
[White "Van Hoorn, Geert"]
[Black "Kiproski, Branislav"]
[Result "0-1"]
[WhiteElo "2000"]
[BlackElo "2300"]
[PlyCount "130"]
[EventDate "2021.03.13"]
[EventType "swiss (blitz)"]
[EventRounds "10"]
[EventCountry "NET"]
[SourceTitle "EXT 2022"]
[Source "ChessBase"]
[SourceDate "2021.10.06"]
[SourceVersion "1"]
[SourceVersionDate "2021.10.06"]
[SourceQuality "1"]

1. e4 d6 2. Nc3 Nf6 3. f4 Nbd7 4. Nf3 e5 5. Bc4 Be7 6. 0-0 0-0 7. Bb3 c6 8. fxe5 dxe5 9. d3 Nc5 10. Kh1 Nxb3 11. axb3 Bg4 12. h3 Bh5 13. Be3 Qc7 14. Qd2 b6 15. Bg5 Rad8 16. Nh4 Bg6 17. Nf5 Bxf5 18. Rxf5 h6 19. Bxf6 Bxf6 20. Raf1 Bg5 21. Qf2 g6 22. Rf3 Kg7 23. Ne2 Rd7 24. Nc3 Bd8 25. Nd1 f6 26. Ne3 Rdf7 27. Ng4 h5 28. Ne3 b5 29. Qg3 Kh7 30. Nf5 Rg8 31. Qh4 gxf5 32. Rxf5 Kg7 33. Qxh5 Kf8 34. g4 Qd7 35. g5 Rxg5 36. Rxg5 fxg5 37. Qh8+ Ke7 38. Qxe5+ Qe6 39. Qxg5+ Kd7 40. Rxf7+ Qxf7 41. Qg4+ Qe6 42. Qg7+ Be7 43. Qd4+ Kc7 44. Qxa7+ Kc8 45. Qa8+ Kd7 46. Qa7+ Ke8 47. Qb8+ Bd8 48. Qg3 Kd7 49. Qg4 Qxg4 50. hxg4 Bf6 51. Kg2 Bxb2 52. Kf3 Ke6 53. Ke3 Ke5 54. Kd2 b4 55. Ke2 Kf4 56. g5 Kxg5 57. Ke3 c5 58. e5 Bxe5 59. Ke4 Bd4 60. Kd5 Kf4 61. Kc4 Ke3 62. Kd5 Kd2 63. c4 Kxd3 64. Kc6 Kc3 65. Kb5 Kxb3 0-1

[Event "Belgrade-chT"]
[Site "Belgrade"]
[Date "2019.09.28"]
[Round "6.6"]
[White "Kiproski, Branislav"]
[Black "Skaric, Djuro"]
[Result "1/2-1/2"]
[WhiteElo "2292"]
[BlackElo "2320"]
[PlyCount "157"]
[EventDate "2019.09.23"]
[EventType "team-tourn"]
[EventRounds "11"]
[EventCountry "SRB"]
[SourceTitle "EXT 2020"]
[Source "ChessBase"]
[SourceDate "2019.10.17"]
[SourceVersion "1"]
[SourceVersionDate "2019.10.17"]
[SourceQuality "1"]
[WhiteTeam "Tadic"]
[BlackTeam "Mirijevo"]
[WhiteTeamCountry "SRB"]
[BlackTeamCountry "SRB"]

1. d4 Nf6 2. Bg5 Ne4 3. h4 c5 4. dxc5 Qa5+ 5. Nd2 e6 6. c3 Nxd2 7. b4 Qc7 8. Qxd2 b6 9. cxb6 axb6 10. Nf3 f6 11. Bf4 e5 12. Bg3 d5 13. e3 Bd6 14. Bb5+ Ke7 15. 0-0 Be6 16. Rac1 Ra3 17. Rfd1 Rc8 18. c4 dxc4 19. Qc2 Rd3 20. Rxd3 cxd3 21. Qxc7+ Rxc7 22. Rxc7+ Bxc7 23. a3 Bf5 24. Nd2 Bd6 25. e4 Bd7 26. Bxd3 Nc6 27. f3 Nd4 28. Bf2 Ba4 29. Nc4 Bc7 30. Ne3 Kd7 31. Nf5 Nxf5 32. exf5 Bc6 33. Kf1 b5 34. Ke2 Bd6 35. g4 h6 36. Be3 Kc7 37. Ba7 Kb7 38. Bf2 Kc7 39. Be3 Be7 40. Kf2 Bd6 41. g5 hxg5 42. hxg5 Bd7 43. gxf6 gxf6 44. Be4 Be8 45. Kg3 Bf7 46. Kf2 Bc4 47. Bh6 Bf7 48. Ke3 Be8 49. Bd5 Bd7 50. Ke4 Be7 51. Be3 Be8 52. Bd2 Bd6 53. Bc3 Be7 54. f4 exf4 55. Kxf4 Bd6+ 56. Ke4 Be7 57. Bd4 Bd7 58. Bc5 Bd6 59. Bd4 Be7 60. Bf7 Bc6+ 61. Kf4 Bd7 62. Kg4 Kc6 63. Bb2 Bd8 64. Bc3 Be7 65. Bd4 Kc7 66. Bg6 Kc6 67. Bf7 Kc7 68. Kf4 Bc6 69. Kg4 Bd7 70. Be6 Be8 71. Kf4 Bc6 72. Ke3 Be8 73. Kd3 Bc6 74. Kc3 Bf3 75. Kb3 Bd1+ 76. Kb2 Bf3 77. Kc3 Bc6 78. Bc5 Bd6 79. Bxd6+ 1/2-1/2

[Event "Belgrade-chT"]
[Site "Belgrade"]
[Date "2017.11.02"]
[Round "11.1"]
[White "Hrzic, Ivan"]
[Black "Kiproski, Branislav"]
[Result "1/2-1/2"]
[WhiteElo "2245"]
[BlackElo "2269"]
[PlyCount "20"]
[EventDate "2017.10.01"]
[EventType "team-tourn"]
[EventRounds "11"]
[EventCountry "SRB"]
[SourceTitle "CBM 181 Extra"]
[Source "ChessBase"]
[SourceDate "2017.12.12"]
[SourceVersion "1"]
[SourceVersionDate "2017.12.12"]
[SourceQuality "1"]
[WhiteTeam "GSP Polet"]
[BlackTeam "Belgrade CC"]
[WhiteTeamCountry "SRB"]
[BlackTeamCountry "SRB"]

1. e4 d6 2. d4 Nf6 3. Bd3 e5 4. c3 Be7 5. Nf3 Nbd7 6. 0-0 0-0 7. Re1 c6 8. a4 a5 9. Nbd2 Re8 10. Nf1 Bf8 1/2-1/2

[Event "Belgrade-chT Quality"]
[Site "Belgrade"]
[Date "2016.10.15"]
[Round "5.3"]
[White "Hrzic, Ivan"]
[Black "Kiproski, Branislav"]
[Result "1-0"]
[WhiteElo "2255"]
[BlackElo "2240"]
[PlyCount "85"]
[EventDate "2016.10.01"]
[EventType "team-tourn"]
[EventRounds "11"]
[EventCountry "SRB"]
[SourceTitle "EXT 2018"]
[Source "ChessBase"]
[SourceDate "2017.10.13"]
[SourceVersion "1"]
[SourceVersionDate "2017.10.13"]
[SourceQuality "1"]

1. Nf3 Nf6 2. c4 c5 3. g3 Nc6 4. Bg2 d6 5. 0-0 g6 6. d4 cxd4 7. Nxd4 Bd7 8. e3 Bg7 9. Nc3 Qc8 10. b3 Bh3 11. Bb2 h5 12. f3 h4 13. g4 Bxg2 14. Kxg2 h3+ 15. Kh1 Ne5 16. Qe2 Kf8 17. g5 Ne8 18. Rad1 Nc6 19. Ne4 e6 20. Nc3 Nxd4 21. exd4 Qd8 22. f4 d5 23. cxd5 exd5 24. f5 Qxg5 25. fxg6 Qg2+ 26. Qxg2 hxg2+ 27. Kxg2 Nf6 28. Ba3+ Kg8 29. gxf7+ Kxf7 30. Nxd5 Rag8 31. Kh1 Rd8 32. Nxf6 Bxf6 33. d5 Rh6 34. Bb2 Rd6 35. Be5 Rd7 36. Rd2 Ke7 37. d6+ Ke6 38. Bxf6 Rxf6 39. Re2+ Kf7 40. Re7+ Rxe7 41. Rxf6+ Kxf6 42. dxe7 Kxe7 43. Kg2 1-0

[Event "Belgrade Cup 16th"]
[Site "Belgrade"]
[Date "2016.05.12"]
[Round "4.2"]
[White "Kiproski, Branislav"]
[Black "Kosovac, Milan"]
[Result "1-0"]
[WhiteElo "2230"]
[BlackElo "2005"]
[PlyCount "67"]
[EventDate "2016.05.09"]
[EventType "team-swiss"]
[EventRounds "5"]
[EventCountry "SRB"]
[SourceTitle "CBM 172 Extra"]
[Source "ChessBase"]
[SourceDate "2016.06.21"]
[SourceVersion "1"]
[SourceVersionDate "2016.06.21"]
[SourceQuality "1"]
[WhiteTeam "Tadic"]
[BlackTeam "Banjica"]
[WhiteTeamCountry "SRB"]
[BlackTeamCountry "SRB"]

1. d4 Nf6 2. Nf3 d5 3. c4 e6 4. Nc3 c6 5. Bg5 Be7 6. e3 0-0 7. Qc2 h6 8. Bf4 Na6 9. c5 Nh5 10. Rb1 Nc7 11. Be5 f5 12. Bd3 Nf6 13. b4 Ne4 14. b5 Nxc3 15. Qxc3 Bd7 16. a4 Ne8 17. Nd2 Bf6 18. f4 Bxe5 19. dxe5 Nc7 20. Nf3 d4 21. Qxd4 Nd5 22. 0-0 g5 23. Bc4 g4 24. Bxd5 exd5 25. Nd2 Qe7 26. Rfc1 Rfc8 27. Nb3 Rc7 28. Na5 Rac8 29. b6 axb6 30. cxb6 c5 31. Qd1 Rc6 32. Qxd5+ Be6 33. Nxc6 Rxc6 34. Qxc6 1-0

[Event "Belgrade Cup 16th"]
[Site "Belgrade"]
[Date "2016.05.09"]
[Round "1.1"]
[White "Kiproski, Branislav"]
[Black "Jandric, Damjan"]
[Result "1/2-1/2"]
[WhiteElo "2230"]
[BlackElo "2143"]
[PlyCount "59"]
[EventDate "2016.05.09"]
[EventType "team-swiss"]
[EventRounds "5"]
[EventCountry "SRB"]
[SourceTitle "CBM 172 Extra"]
[Source "ChessBase"]
[SourceDate "2016.06.21"]
[SourceVersion "1"]
[SourceVersionDate "2016.06.21"]
[SourceQuality "1"]
[WhiteTeam "Tadic"]
[BlackTeam "Napredak"]
[WhiteTeamCountry "SRB"]
[BlackTeamCountry "SRB"]

1. d4 Nf6 2. Bg5 Ne4 3. h4 h6 4. Bf4 d5 5. Nd2 Bf5 6. Nxe4 Bxe4 7. f3 Bh7 8. e3 e6 9. Bd3 Bxd3 10. Qxd3 c5 11. dxc5 Qa5+ 12. c3 Qxc5 13. Ne2 Nc6 14. Nd4 Nxd4 15. exd4 Qb6 16. 0-0 Bd6 17. Bxd6 Qxd6 18. f4 0-0-0 19. f5 Rhe8 20. fxe6 Qxe6 21. Qf5 Qxf5 22. Rxf5 Rd7 23. Kf1 Kd8 24. Re1 Rxe1+ 25. Kxe1 g6 26. Rf3 Ke7 27. Kd2 Rd6 28. Kd3 Ra6 29. a3 Rb6 30. Rf2 1/2-1/2

[Event "SRB-chT 1st League"]
[Site "Kragujevac"]
[Date "2015.09.10"]
[Round "8.1"]
[White "Kiproski, Branislav"]
[Black "Krstic, Ranko"]
[Result "1-0"]
[WhiteElo "2240"]
[BlackElo "2217"]
[PlyCount "102"]
[EventDate "2015.09.05"]
[EventType "team-tourn"]
[EventRounds "11"]
[EventCountry "SRB"]
[SourceTitle "EXT 2016"]
[Source "ChessBase"]
[SourceDate "2015.10.08"]
[SourceVersion "1"]
[SourceVersionDate "2015.10.08"]
[SourceQuality "1"]
[WhiteTeam "Lucani Mladost"]
[BlackTeam "Leskovac Glubocica"]
[WhiteTeamCountry "SRB"]
[BlackTeamCountry "SRB"]

1. d4 g6 2. Nf3 Nf6 3. g3 Bg7 4. Bg2 0-0 5. 0-0 d5 6. c4 c6 7. cxd5 cxd5 8. Ne5 e6 9. Nc3 Nfd7 10. f4 f5 11. b3 a6 12. Ba3 Re8 13. Rc1 Nf6 14. e3 Nbd7 15. Rf2 Nxe5 16. dxe5 Ng4 17. Re2 Qa5 18. Bd6 Bd7 19. h3 Nh6 20. b4 Qb6 21. Bc5 Qc7 22. Qd4 Bc6 23. a4 Qd7 24. b5 axb5 25. axb5 Bxb5 26. Nxb5 Qxb5 27. Rb2 Qd7 28. Rcb1 Ra4 29. Rxb7 Qxb7 30. Rxb7 Rxd4 31. exd4 Nf7 32. Bf1 Bf8 33. Rb6 Bxc5 34. dxc5 Rc8 35. c6 Nd8 36. c7 Rxc7 37. Rb8 Rc3 38. Rxd8+ Kf7 39. Kf2 h6 40. h4 g5 41. Rd7+ Kf8 42. fxg5 hxg5 43. hxg5 Rc2+ 44. Be2 Rc5 45. Rd6 Ke7 46. Ke3 Ra5 47. g6 Ra3+ 48. Kf4 Ra2 49. g7 Kf7 50. Rd7+ Kg8 51. Kg5 Ra3 1-0

[Event "SRB-chT 1st League"]
[Site "Kragujevac"]
[Date "2015.09.09"]
[Round "6.1"]
[White "Kiproski, Branislav"]
[Black "Livaja, Mario"]
[Result "1/2-1/2"]
[WhiteElo "2240"]
[BlackElo "2246"]
[PlyCount "120"]
[EventDate "2015.09.05"]
[EventType "team-tourn"]
[EventRounds "11"]
[EventCountry "SRB"]
[SourceTitle "EXT 2016"]
[Source "ChessBase"]
[SourceDate "2015.10.08"]
[SourceVersion "1"]
[SourceVersionDate "2015.10.08"]
[SourceQuality "1"]
[WhiteTeam "Lucani Mladost"]
[BlackTeam "Nis Svitanja"]
[WhiteTeamCountry "SRB"]
[BlackTeamCountry "SRB"]

1. d4 Nf6 2. Nf3 g6 3. g3 Bg7 4. Bg2 0-0 5. 0-0 d6 6. c4 c5 7. Nc3 Nc6 8. dxc5 dxc5 9. Bf4 Be6 10. Ne5 Qxd1 11. Rfxd1 Na5 12. Nd5 Nh5 13. Bd2 Bxd5 14. cxd5 Bxe5 15. Bxa5 Rab8 16. Rd2 Nf6 17. Bc3 Bxc3 18. bxc3 Ne8 19. Rb1 Nd6 20. e4 Nc4 21. Rdd1 Rfd8 22. Bf1 Nd6 23. f3 f6 24. Kf2 b5 25. Rb2 Rb6 26. Rdb1 Rdb8 27. Ke3 Kf7 28. f4 e5 29. dxe6+ Kxe6 30. g4 g5 31. h4 gxf4+ 32. Kxf4 h6 33. Bh3 Ke7 34. Re2 Nf7 35. Rd1 b4 36. cxb4 cxb4 37. Red2 R8b7 38. Bf1 Rd6 39. Bc4 Rxd2 40. Rxd2 Nd6 41. Bd5 Rc7 42. e5 fxe5+ 43. Kxe5 Nc4+ 44. Bxc4 Rxc4 45. Rd4 Rc5+ 46. Rd5 Rc6 47. Ra5 a6 48. g5 hxg5 49. hxg5 Rb6 50. Kf5 Kf7 51. Rc5 b3 52. axb3 Rxb3 53. Rc7+ Kg8 54. Rc6 Kg7 55. Rc7+ Kg8 56. Kg6 Rb6+ 57. Kh5 Rd6 58. Rc8+ Kg7 59. Rc7+ Kg8 60. g6 Rd1 1/2-1/2

[Event "SRB-chT 1st League"]
[Site "Kragujevac"]
[Date "2015.09.08"]
[Round "5.1"]
[White "Savic, Miodrag R"]
[Black "Kiproski, Branislav"]
[Result "1-0"]
[WhiteElo "2503"]
[BlackElo "2240"]
[PlyCount "95"]
[EventDate "2015.09.05"]
[EventType "team-tourn"]
[EventRounds "11"]
[EventCountry "SRB"]
[SourceTitle "EXT 2016"]
[Source "ChessBase"]
[SourceDate "2015.10.08"]
[SourceVersion "1"]
[SourceVersionDate "2015.10.08"]
[SourceQuality "1"]
[WhiteTeam "Valjevo Sveti Nikolaj"]
[BlackTeam "Lucani Mladost"]
[WhiteTeamCountry "SRB"]
[BlackTeamCountry "SRB"]

1. e4 c5 2. Nf3 d6 3. c3 Nf6 4. Bd3 Nc6 5. h3 d5 6. exd5 Qxd5 7. Qe2 e6 8. 0-0 Be7 9. Re1 0-0 10. Bc4 Qh5 11. a4 Na5 12. Ba2 b6 13. d3 Rd8 14. Nbd2 Bf8 15. Ne4 Nxe4 16. dxe4 Bb7 17. Bg5 Rd7 18. Qf1 Be7 19. Bf4 g5 20. Bg3 Nc6 21. Rad1 Rad8 22. Rxd7 Rxd7 23. Rd1 Ba6 24. Qe1 Rd3 25. Bb1 Rxf3 26. gxf3 Qxh3 27. Bd3 Bxd3 28. Rxd3 Bf6 29. e5 Qf5 30. Qe4 Qxe4 31. fxe4 Bxe5 32. Bxe5 Nxe5 33. Rd8+ Kg7 34. Ra8 Nc6 35. Rc8 Ne5 36. Rc7 h5 37. a5 bxa5 38. Rxc5 Kf6 39. Rxa5 Nc4 40. Ra2 Ke5 41. b4 Kxe4 42. Rxa7 f5 43. b5 Kf3 44. Rc7 Nd6 45. b6 h4 46. Rd7 Ne4 47. b7 Nc5 48. b8Q 1-0

[Event "SRB-chT 1st League"]
[Site "Kragujevac"]
[Date "2015.09.06"]
[Round "3.1"]
[White "Kiproski, Branislav"]
[Black "Djordjevic, Vuk D"]
[Result "1/2-1/2"]
[WhiteElo "2240"]
[BlackElo "2209"]
[PlyCount "82"]
[EventDate "2015.09.05"]
[EventType "team-tourn"]
[EventRounds "11"]
[EventCountry "SRB"]
[SourceTitle "EXT 2016"]
[Source "ChessBase"]
[SourceDate "2015.10.08"]
[SourceVersion "1"]
[SourceVersionDate "2015.10.08"]
[SourceQuality "1"]
[WhiteTeam "Lucani Mladost"]
[BlackTeam "Paracin"]
[WhiteTeamCountry "SRB"]
[BlackTeamCountry "SRB"]

1. d4 Nf6 2. Bg5 e6 3. e3 d5 4. c4 Be7 5. Nc3 Nbd7 6. Nf3 0-0 7. Qc2 b6 8. cxd5 exd5 9. Bd3 Bb7 10. 0-0 Ne4 11. Bf4 f5 12. Nb5 Bd6 13. Bxd6 cxd6 14. Qc7 Ba6 15. Qxd8 Rfxd8 16. Rfc1 Ndf6 17. Ne1 Bxb5 18. Bxb5 a6 19. Bd3 g6 20. f3 Ng5 21. Rc6 b5 22. a4 Nf7 23. axb5 axb5 24. Rxa8 Rxa8 25. Rb6 Ng5 26. Bxb5 f4 27. exf4 Ne6 28. Ba6 Nxd4 29. b4 Kf7 30. b5 Ke6 31. Kf2 Nd7 32. Rb7 Nc5 33. Rxh7 Nxa6 34. bxa6 Rxa6 35. g4 Ra2+ 36. Ke3 Nb3 37. f5+ gxf5 38. Rh6+ Kf7 39. Rxd6 d4+ 40. Kf4 fxg4 41. fxg4 Rxh2 1/2-1/2

[Event "SRB-chT 1st League"]
[Site "Kragujevac"]
[Date "2015.09.06"]
[Round "2.1"]
[White "Kiproski, Branislav"]
[Black "Manic, Jovica"]
[Result "1/2-1/2"]
[WhiteElo "2240"]
[BlackElo "2265"]
[PlyCount "117"]
[EventDate "2015.09.05"]
[EventType "team-tourn"]
[EventRounds "11"]
[EventCountry "SRB"]
[SourceTitle "EXT 2016"]
[Source "ChessBase"]
[SourceDate "2015.10.08"]
[SourceVersion "1"]
[SourceVersionDate "2015.10.08"]
[SourceQuality "1"]
[WhiteTeam "Lucani Mladost"]
[BlackTeam "Pirot Progres"]
[WhiteTeamCountry "SRB"]
[BlackTeamCountry "SRB"]

1. d4 c5 2. d5 e5 3. e4 d6 4. Nc3 a6 5. a4 Be7 6. Be2 Bg5 7. Nf3 Bxc1 8. Qxc1 Bg4 9. Nd2 Bxe2 10. Nxe2 Nf6 11. Ng3 g6 12. Nc4 Qc7 13. f4 Nbd7 14. 0-0 0-0 15. fxe5 dxe5 16. Qh6 Ne8 17. Ra3 f6 18. a5 Rf7 19. Rb3 Rb8 20. Qe3 Nd6 21. Nxd6 Qxd6 22. h4 c4 23. Rc3 Rc8 24. b3 Qb4 25. Rxc4 Rxc4 26. bxc4 Qxa5 27. Kh2 Qc5 28. Qe2 Nb6 29. h5 Nxc4 30. Re1 Qc8 31. Qd3 Nd6 32. c3 Rc7 33. Rc1 Rc4 34. Qf3 f5 35. hxg6 hxg6 36. exf5 Rh4+ 37. Kg1 Qc5+ 38. Qf2 Qxf2+ 39. Kxf2 gxf5 40. c4 Rxc4 41. Rxc4 Nxc4 42. Nxf5 Kf7 43. Ke2 a5 44. Kd3 b5 45. g4 Kf6 46. Kc3 Nb6 47. Ne3 Nd7 48. Kd3 Nc5+ 49. Kc3 Kg5 50. Kc2 Kf4 51. Kd2 Ne4+ 52. Kd3 Nd6 53. Kd2 b4 54. Kd3 a4 55. Nc4 e4+ 56. Kd4 Nb5+ 57. Kc5 e3 58. Nxe3 Kxe3 59. Kxb4 1/2-1/2

[Event "SRB-ch U20"]
[Site "Knic"]
[Date "2015.08.15"]
[Round "8"]
[White "Ivic, Velimir"]
[Black "Kiproski, Branislav"]
[Result "1-0"]
[WhiteElo "2249"]
[BlackElo "2199"]
[PlyCount "87"]
[EventDate "2015.08.11"]
[EventType "tourn"]
[EventRounds "11"]
[EventCountry "SRB"]
[SourceTitle "EXT 2016"]
[Source "ChessBase"]
[SourceDate "2015.10.08"]
[SourceVersion "1"]
[SourceVersionDate "2015.10.08"]
[SourceQuality "1"]

1. e4 d6 2. d4 Nf6 3. Nc3 e5 4. Nf3 Nbd7 5. g4 Nxg4 6. Rg1 Ngf6 7. Bc4 h6 8. Be3 c6 9. dxe5 dxe5 10. Qd3 b5 11. Bb3 Qa5 12. 0-0-0 Ba6 13. Nd2 0-0-0 14. Bxf7 Nc5 15. Qf1 b4 16. Ne2 Rd7 17. Nb3 Nxb3+ 18. Bxb3 Rxd1+ 19. Qxd1 Qc7 20. Ng3 Be7 21. Nf5 Rd8 22. Qf3 Bf8 23. Nxh6 Kb8 24. Ng4 Nxg4 25. Qxg4 c5 26. Qe6 Rd6 27. Qf7 Qxf7 28. Bxf7 Rf6 29. Bd5 Kc7 30. b3 g6 31. Rg4 Bc8 32. Rh4 Bd7 33. Rh8 a5 34. Rh7 Kd6 35. Kb2 g5 36. Bxg5 Rxf2 37. Bd8 Rf1 38. a4 bxa3+ 39. Kxa3 Rf2 40. Kb2 Rf4 41. h4 Rf2 42. h5 a4 43. bxa4 c4 44. a5 1-0

[Event "SRB-ch U20+"]
[Site "Knic"]
[Date "2015.08.12"]
[Round "3"]
[White "Ivic, Matija"]
[Black "Kiproski, Branislav"]
[Result "1/2-1/2"]
[WhiteElo "2172"]
[BlackElo "2199"]
[PlyCount "43"]
[EventDate "2015.08.11"]
[EventType "tourn"]
[EventRounds "11"]
[EventCountry "SRB"]
[SourceTitle "EXT 2016"]
[Source "ChessBase"]
[SourceDate "2015.10.08"]
[SourceVersion "1"]
[SourceVersionDate "2015.10.08"]
[SourceQuality "1"]

1. Nf3 d6 2. d4 Bg4 3. e4 Nf6 4. Bc4 e6 5. Qe2 d5 6. exd5 Nxd5 7. c3 c5 8. dxc5 Bxc5 9. 0-0 0-0 10. Nbd2 Nc6 11. Ne4 Be7 12. h3 Bxf3 13. Qxf3 Ne5 14. Qe2 Nxc4 15. Qxc4 Qb6 16. Qe2 Rfd8 17. c4 Nb4 18. Bg5 Bxg5 19. Nxg5 h6 20. Nf3 Nd3 21. Rad1 Nc5 22. Qe3 1/2-1/2

[Event "Belgrade-chT"]
[Site "Belgrade"]
[Date "2014.10.25"]
[Round "7"]
[White "Lazarevic, Zoran Voj"]
[Black "Kiproski, Branislav"]
[Result "0-1"]
[WhiteElo "2125"]
[BlackElo "2185"]
[PlyCount "110"]
[EventDate "2014.10.04"]
[EventType "team-tourn"]
[EventRounds "13"]
[EventCountry "SRB"]
[SourceTitle "EXT 2015"]
[Source "ChessBase"]
[SourceDate "2014.11.20"]
[SourceVersion "1"]
[SourceVersionDate "2014.11.20"]
[SourceQuality "1"]

1. e4 d6 2. d4 Nf6 3. Nc3 e5 4. Nf3 Nbd7 5. Bc4 Be7 6. h3 c6 7. a4 0-0 8. 0-0 a5 9. Re1 exd4 10. Nxd4 Nc5 11. b3 Re8 12. Ba3 Bf8 13. Qf3 Qc7 14. Rad1 Ncd7 15. Qg3 Ne5 16. Be2 Ng6 17. Bg4 Ne5 18. Bxc8 Raxc8 19. Nf5 Rcd8 20. Rd2 g6 21. Red1 Nh5 22. Qh4 gxf5 23. Qxh5 f4 24. Qg5+ Ng6 25. Qf6 Bg7 26. Bxd6 Qc8 27. Qg5 Bxc3 28. Rd3 Bg7 29. h4 h6 30. Qxa5 Qe6 31. e5 Nxh4 32. f3 Qg6 33. R1d2 Qg3 34. Re2 Rxd6 35. Rxd6 Nxf3+ 36. Kf1 Nh2+ 37. Kg1 f3 38. Rf2 Bxe5 39. Rd8 Rxd8 40. Qxd8+ Kg7 41. Qd3 Ng4 42. Rxf3 Qh2+ 43. Kf1 Qh1+ 44. Ke2 Qxg2+ 45. Kd1 Qg1+ 46. Kd2 Qd4 47. c3 Qxd3+ 48. Kxd3 h5 49. Ke4 Kg6 50. b4 h4 51. c4 f6 52. b5 cxb5 53. axb5 h3 54. Kd5 h2 55. Rh3 Nf2 0-1